Kinder als Gewaltopfer - was kommt danach?: strafprozessuale, sozialrechtliche und familienrechtliche Aspekte ; 8. Mainzer Opferforum vom 31. August/01. September 1996 ; Dokumentation
| Autores Corporativos: | ; |
|---|---|
| Otros Autores: | |
| Tipo de documento: | Print Libro |
| Lenguaje: | Alemán |
| Publicado: |
Mainz
Weißer Ring
1997
|
| En: |
Mainzer Schriften zur Situation von Kriminalitätsopfern (18)
Año: 1997 |
| Edición: | 1. Aufl. |
| Acceso en línea: |
Índice |
| Disponibilidad en Tübingen: | Disponible en Tübingen. IFK: S 123 18 |
| Verificar disponibilidad: | HBZ Gateway |
| Servicio de pedido Subito: | Pedir ahora. |
| Volúmenes / Artículos: | Mostrar volumes / artículos. |
| Palabras clave: |
MARC
| LEADER | 00000cam a2200000 c 4500 | ||
|---|---|---|---|
| 001 | 222684194 | ||
| 003 | DE-627 | ||
| 005 | 20260206192303.0 | ||
| 007 | tu | ||
| 008 | 970123s1997 gw ||||| 00| ||ger c | ||
| 015 | |a 97,N04,0225 |2 dnb | ||
| 015 | |a 97,B40,0187 |2 dnb | ||
| 016 | 7 | |a 949113255 |2 DE-101 | |
| 020 | |a 3980352676 |q (Efal.) | ||
| 035 | |a (DE-627)222684194 | ||
| 035 | |a (DE-603)052506703 | ||
| 035 | |a (DE-576)056945213 | ||
| 035 | |a (DE-599)DNB949113255 | ||
| 035 | |a (OCoLC)312758219 | ||
| 035 | |a (OCoLC)312758219 | ||
| 035 | |a (OCoLC)246829821 | ||
| 040 | |a DE-627 |b ger |c DE-627 |e rakwb | ||
| 041 | |a ger | ||
| 044 | |c XA-DE | ||
| 084 | |a 19 |2 sdnb | ||
| 084 | |a PQ 1250 |2 rvk |0 (DE-625)rvk/139216: | ||
| 084 | |a PH 8600 |2 rvk |0 (DE-625)rvk/136512: | ||
| 084 | |a 86.41 |2 bkl | ||
| 084 | |a 86.05 |2 bkl | ||
| 084 | |a 71.34 |2 bkl | ||
| 245 | 0 | 0 | |a Kinder als Gewaltopfer - was kommt danach? |b strafprozessuale, sozialrechtliche und familienrechtliche Aspekte ; 8. Mainzer Opferforum vom 31. August/01. September 1996 ; Dokumentation |c veranst. vom Weißen Ring, Gemeinnütziger Verein zur Unterstützung von Kriminalitätsopfern und zur Verhütung von Straftaten e.V. [Verantw. für den Inhalt: Dieter Eppenstein] |
| 250 | |a 1. Aufl. | ||
| 263 | |a Efal. : DM 17.00, sfr 13.00, S 124.00 | ||
| 264 | 1 | |a Mainz |b Weißer Ring |c 1997 | |
| 300 | |a 145 S |c 25 cm | ||
| 336 | |a Text |b txt |2 rdacontent | ||
| 337 | |a ohne Hilfsmittel zu benutzen |b n |2 rdamedia | ||
| 338 | |a Band |b nc |2 rdacarrier | ||
| 490 | 1 | |a Mainzer Schriften zur Situation von Kriminalitätsopfern |v 18 | |
| 583 | 1 | |a Archivierung/Langzeitarchivierung gewährleistet |f PERP |2 pdager |5 DE-36 | |
| 583 | 1 | |a Archivierung/Langzeitarchivierung gewährleistet |f PERP |2 pdager |5 DE-77 | |
| 650 | 0 | 7 | |0 (DE-588)4030550-8 |0 (DE-627)104360100 |0 (DE-576)208988165 |a Kind |2 gnd |
| 650 | 0 | 7 | |0 (DE-588)4078782-5 |0 (DE-627)106076329 |0 (DE-576)20921001X |a Verbrechensopfer |2 gnd |
| 655 | 7 | |a Konferenzschrift |0 (DE-588)1071861417 |0 (DE-627)826484824 |0 (DE-576)433375485 |2 gnd-content | |
| 655 | 7 | |a Konferenzschrift |y 1996 |z Mainz |0 (DE-588)1071861417 |0 (DE-627)826484824 |0 (DE-576)433375485 |2 gnd-content | |
| 689 | 0 | 0 | |d s |0 (DE-588)4030550-8 |0 (DE-627)104360100 |0 (DE-576)208988165 |a Kind |2 gnd |
| 689 | 0 | 1 | |d s |0 (DE-588)4078782-5 |0 (DE-627)106076329 |0 (DE-576)20921001X |a Verbrechensopfer |2 gnd |
| 689 | 0 | 2 | |d s |0 (DE-588)4116634-6 |0 (DE-627)105805297 |0 (DE-576)209503203 |a Strafverfahren |2 gnd |
| 689 | 0 | |5 (DE-627) | |
| 700 | 1 | |a Eppenstein, Dieter |e Hrsg. |0 (DE-588)131834738 |0 (DE-627)514394064 |0 (DE-576)298783436 |4 edt | |
| 710 | 2 | |a Weisser Ring e.V. |0 (DE-588)135677-X |0 (DE-627)102604118 |0 (DE-576)190758155 |4 oth | |
| 711 | 2 | |a Fachtagung zu Fragen der Opferrechte |d 1996 |c Mainz |0 (DE-588)2160413-7 |0 (DE-627)219541353 |0 (DE-576)196002923 |4 oth | |
| 830 | 0 | |a Mainzer Schriften zur Situation von Kriminalitätsopfern |v 18 |9 1800 |w (DE-627)171293746 |w (DE-576)020247427 |w (DE-600)1174521-6 |x 0937-3713 |7 am | |
| 856 | 4 | 2 | |u http://www.gbv.de/dms/spk/sbb/toc/276687744.pdf |m V:DE-601 |m B:DE-1 |q pdf/application |x Verlag |y Inhaltsverzeichnis |3 Inhaltsverzeichnis |7 1 |
| 889 | |w (DE-627)276687744 | ||
| 935 | |i Blocktest | ||
| 936 | r | v | |a PQ 1250 |b Schriftenreihen, Serien |k Rechtswissenschaft |k Sozialrecht |k Allgemeines |k Schriftenreihen, Serien |0 (DE-627)1393127177 |0 (DE-625)rvk/139216: |0 (DE-576)323127177 |
| 936 | r | v | |a PH 8600 |b Allgemeines; Täter-Opfer-Ausgleich; Wiedergutmachung; Opferentschädigung |k Rechtswissenschaft |k Strafrecht, Strafverfahrensrecht, Kriminologie |k Kriminologie |k Viktimologie |k Allgemeines; Täter-Opfer-Ausgleich; Wiedergutmachung; Opferentschädigung |0 (DE-627)1271675021 |0 (DE-625)rvk/136512: |0 (DE-576)201675021 |
| 936 | b | k | |a 86.41 |j Kriminologie |0 (DE-627)181572001 |
| 936 | b | k | |a 86.05 |j Rechtssoziologie |j Rechtspsychologie |0 (DE-627)106413457 |
| 936 | b | k | |a 71.34 |j Altersgruppen |x Soziologie |0 (DE-627)10641268X |
| 936 | s | n | |a p100 |2 mzub |
| 951 | |a BO | ||
| ELC | |b 1 | ||
| LOK | |0 000 xxxxxcx a22 zn 4500 | ||
| LOK | |0 001 316686394X | ||
| LOK | |0 003 DE-627 | ||
| LOK | |0 004 222684194 | ||
| LOK | |0 005 20000815000000 | ||
| LOK | |0 008 970814||||||||||||||||ger||||||| | ||
| LOK | |0 040 |a DE-21-110 |c DE-627 |d DE-21-110 | ||
| LOK | |0 852 |a DE-21-110 | ||
| LOK | |0 852 1 |c S 123 18 |m p |9 00 | ||
| LOK | |0 935 |a k110 | ||
| LOK | |0 938 |k p | ||
| LOK | |0 939 |a 14-08-97 |b l01 | ||
| LOK | |0 000 xxxxxcx a22 zn 4500 | ||
| LOK | |0 001 3166864997 | ||
| LOK | |0 003 DE-627 | ||
| LOK | |0 004 222684194 | ||
| LOK | |0 005 19970709000000 | ||
| LOK | |0 008 970210||||||||||||||||ger||||||| | ||
| LOK | |0 040 |a DE-Frei85 |c DE-627 |d DE-Frei85 | ||
| LOK | |0 852 |a DE-Frei85 | ||
| LOK | |0 852 1 |m p |9 00 | ||
| LOK | |0 938 |k p | ||
| LOK | |0 939 |a 10-02-97 |b l01 | ||
| ORI | |a WA-MARC-krimdokb001.raw | ||
| SIG | |a IFK: S 123 18 | ||
| SPR | |a 1 |t KRI | ||
| TIM | |a 100019960101_100019961231 |b 1996 - 1996 | ||
